Biggest villages and towns of Netherlands - Statistics

General Stats
  • This quiz has been taken 8 times
  • The average score is 95 of 178
Answer Stats
Provincie Population Town % Correct
120px-Flag_of_North_Holland.svg.png Noord-Holland 941.927 Amsterdam
100%
120px-Flag_of_Zuid-Holland.svg.png Zuid-Holland 569.468 Den Haag
100%
120px-North_Brabant-Flag.svg.png Noord-Brabant 249.783 Eindhoven
100%
120px-Flag_of_Groningen.svg.png Groningen 211.390 Groningen
100%
120px-Flag_of_North_Holland.svg.png Noord-Holland 168.898 Haarlem
100%
120px-Flag_of_Limburg_%28Netherlands%29.svg.png Limburg 126.026 Maastricht
100%
120px-Flag_of_Zuid-Holland.svg.png Zuid-Holland 609.023 Rotterdam
100%
120px-Flag_of_Overijssel.svg.png Overijssel 75.166 Almelo
86%
120px-Flag_of_Flevoland.svg.png Flevoland 232.619 Almere
86%
120px-Utrecht_%28province%29-Flag.svg.png Utrecht 148.439 Amersfoort
86%
120px-Flag_of_Drenthe.svg.png Drenthe 70.769 Assen
86%
120px-North_Brabant-Flag.svg.png Noord-Brabant 155.060 Breda
86%
120px-Flag_of_Gelderland.svg.png Gelderland 82.545 Ede
86%
120px-Flag_of_Drenthe.svg.png Drenthe 59.346 Emmen
86%
120px-Flag_of_Overijssel.svg.png Overijssel 162.683 Enschede
86%
120px-Flag_of_Limburg_%28Netherlands%29.svg.png Limburg 69.029 Heerlen
86%
120px-Flag_of_Overijssel.svg.png Overijssel 84.045 Hengelo
86%
120px-Flag_of_Flevoland.svg.png Flevoland 85.781 Lelystad
86%
120px-North_Brabant-Flag.svg.png Noord-Brabant 114.327 's-Hertogenbosch
86%
120px-North_Brabant-Flag.svg.png Noord-Brabant 205.832 Tilburg
86%
120px-Flag_of_Limburg_%28Netherlands%29.svg.png Limburg 70.021 Venlo
86%
120px-Flag_of_North_Holland.svg.png Noord-Holland 94.260 Alkmaar
71%
120px-Flag_of_Gelderland.svg.png Gelderland 142.716 Apeldoorn
71%
120px-Flag_of_Gelderland.svg.png Gelderland 171.822 Arnhem
71%
120px-Flag_of_Zuid-Holland.svg.png Zuid-Holland 110.089 Delft
71%
120px-Flag_of_Overijssel.svg.png Overijssel 84.951 Deventer
71%
120px-Flag_of_Flevoland.svg.png Flevoland 31.625 Dronten
71%
120px-Flag_of_North_Holland.svg.png Noord-Holland 94.595 Hilversum
71%
120px-Flag_of_Drenthe.svg.png Drenthe 40.743 Hoogeveen
71%
120px-Flag_of_North_Holland.svg.png Noord-Holland 51.420 Hoorn
71%
120px-Frisian_flag.svg.png Fryslân 92.685 Leeuwarden
71%
120px-Flag_of_Zuid-Holland.svg.png Zuid-Holland 130.328 Leiden
71%
120px-Flag_of_Zeeland.svg.png Zeeland 43.906 Middelburg
71%
120px-Flag_of_Gelderland.svg.png Gelderland 162.473 Nijmegen
71%
120px-North_Brabant-Flag.svg.png Noord-Brabant 60.772 Oss
71%
120px-Flag_of_Flevoland.svg.png Flevoland 22.431 Urk
71%
120px-Utrecht_%28province%29-Flag.svg.png Utrecht 326.940 Utrecht
71%
120px-Flag_of_Groningen.svg.png Groningen 21.907 Veendam
71%
120px-Flag_of_North_Holland.svg.png Noord-Holland 84.461 Zaandam
71%
120px-Flag_of_Zuid-Holland.svg.png Zuid-Holland 130.836 Zoetermeer
71%
120px-Flag_of_Overijssel.svg.png Overijssel 134.137 Zwolle
71%
120px-Flag_of_Zuid-Holland.svg.png Zuid-Holland 20.250 Alblasserdam
57%
120px-Flag_of_Zuid-Holland.svg.png Zuid-Holland 76.071 Alphen aan den Rijn
57%
120px-Flag_of_North_Holland.svg.png Noord-Holland 95.840 Amstelveen
57%
120px-Utrecht_%28province%29-Flag.svg.png Utrecht 25.435 Baarn
57%
120px-Flag_of_Gelderland.svg.png Gelderland 36.952 Barneveld
57%
120px-North_Brabant-Flag.svg.png Noord-Brabant 56.094 Bergen op Zoom
57%
120px-North_Brabant-Flag.svg.png Noord-Brabant 27.320 Boxtel
57%
120px-Flag_of_Zuid-Holland.svg.png Zuid-Holland 69.698 Capelle aan den IJssel
57%
120px-Flag_of_North_Holland.svg.png Noord-Holland 40.755 Den Helder
57%
120px-Flag_of_Gelderland.svg.png Gelderland 47.637 Doetinchem
57%
120px-Flag_of_Zuid-Holland.svg.png Zuid-Holland 122.991 Dordrecht
57%
120px-Flag_of_Flevoland.svg.png Flevoland 28.099 Emmeloord
57%
120px-Flag_of_Zeeland.svg.png Zeeland 29.995 Goes
57%
120px-Flag_of_Zuid-Holland.svg.png Zuid-Holland 77.818 Gouda
57%
120px-Flag_of_Gelderland.svg.png Gelderland 47.068 Harderwijk
57%
120px-Frisian_flag.svg.png Fryslân 31.388 Heerenveen
57%
120px-North_Brabant-Flag.svg.png Noord-Brabant 96.860 Helmond
57%
120px-Flag_of_North_Holland.svg.png Noord-Holland 81.685 Hoofddorp
57%
120px-Flag_of_Limburg_%28Netherlands%29.svg.png Limburg 37.952 Kerkrade
57%
120px-Flag_of_Gelderland.svg.png Gelderland 32.104 Nijkerk
57%
120px-Flag_of_Overijssel.svg.png Overijssel 23.681 Nijverdal
57%
120px-Flag_of_Gelderland.svg.png Gelderland 21.692 Nunspeet
57%
120px-Flag_of_Overijssel.svg.png Overijssel 29.344 Rijssen
57%
120px-Flag_of_Limburg_%28Netherlands%29.svg.png Limburg 44.047 Roermond
57%
120px-Flag_of_Zuid-Holland.svg.png Zuid-Holland 81.931 Schiedam
57%
120px-Flag_of_Limburg_%28Netherlands%29.svg.png Limburg 37.645 Sittard
57%
120px-Frisian_flag.svg.png Fryslân 35.425 Sneek
57%
120px-Utrecht_%28province%29-Flag.svg.png Utrecht 39.833 Soest
57%
120px-Flag_of_Gelderland.svg.png Gelderland 42.524 Tiel
57%
120px-Flag_of_Limburg_%28Netherlands%29.svg.png Limburg 29.347 Venray
57%
120px-Flag_of_Zeeland.svg.png Zeeland 34.935 Vlissingen
57%
120px-Flag_of_North_Holland.svg.png Noord-Holland 22.842 Volendam
57%
120px-North_Brabant-Flag.svg.png Noord-Brabant 36.436 Waalwijk
57%
120px-Flag_of_Gelderland.svg.png Gelderland 42.779 Wageningen
57%
120px-Flag_of_Gelderland.svg.png Gelderland 23.118 Winterswijk
57%
120px-Flag_of_Flevoland.svg.png Flevoland 24.612 Zeewolde
57%
120px-Utrecht_%28province%29-Flag.svg.png Utrecht 55.509 Zeist
57%
120px-Flag_of_Gelderland.svg.png Gelderland 41.027 Zutphen
57%
120px-Flag_of_North_Holland.svg.png Noord-Holland 24.224 Aalsmeer
43%
120px-Flag_of_Zuid-Holland.svg.png Zuid-Holland 48.701 Barendrecht
43%
120px-Flag_of_Zuid-Holland.svg.png Zuid-Holland 34.544 Berkel en Rodenrijs
43%
120px-North_Brabant-Flag.svg.png Noord-Brabant 31.699 Best
43%
120px-Flag_of_North_Holland.svg.png Noord-Holland 40.897 Beverwijk
43%
120px-Utrecht_%28province%29-Flag.svg.png Utrecht 23.218 Bilthoven
43%
120px-Flag_of_Zuid-Holland.svg.png Zuid-Holland 20.141 Bodegraven
43%
120px-Flag_of_Limburg_%28Netherlands%29.svg.png Limburg 27.474 Brunssum
43%
120px-Utrecht_%28province%29-Flag.svg.png Utrecht 22.905 Bunschoten-Spakenburg
43%
120px-Flag_of_North_Holland.svg.png Noord-Holland 33.638 Bussum
43%
120px-Utrecht_%28province%29-Flag.svg.png Utrecht 22.048 De Meern
43%
120px-North_Brabant-Flag.svg.png Noord-Brabant 25.847 Deurne
43%
120px-Flag_of_North_Holland.svg.png Noord-Holland 33.327 Diemen
43%
120px-North_Brabant-Flag.svg.png Noord-Brabant 25.416 Dongen
43%
120px-Frisian_flag.svg.png Fryslân 45.942 Drachten
43%
120px-Flag_of_Gelderland.svg.png Gelderland 21.658 Duiven
43%
120px-Flag_of_Gelderland.svg.png Gelderland 22.574 Elst
43%
120px-Flag_of_Gelderland.svg.png Gelderland 28.199 Ermelo
43%
120px-North_Brabant-Flag.svg.png Noord-Brabant 46.117 Etten-Leur
43%
120px-North_Brabant-Flag.svg.png Noord-Brabant 29.296 Geldrop
43%
120px-Flag_of_Limburg_%28Netherlands%29.svg.png Limburg 31.192 Geleen
43%
120px-North_Brabant-Flag.svg.png Noord-Brabant 21.826 Goirle
43%
120px-Flag_of_Zuid-Holland.svg.png Zuid-Holland 39.060 Gorinchem
43%
120px-Flag_of_Overijssel.svg.png Overijssel 24.313 Haaksbergen
43%
120px-Flag_of_North_Holland.svg.png Noord-Holland 39.529 Heemskerk
43%
120px-Flag_of_North_Holland.svg.png Noord-Holland 27.556 Heemstede
43%
120px-Flag_of_North_Holland.svg.png Noord-Holland 62.318 Heerhugowaard
43%
120px-Flag_of_North_Holland.svg.png Noord-Holland 24.613 Heiloo
43%
120px-Flag_of_Zuid-Holland.svg.png Zuid-Holland 40.279 Hellevoetsluis
43%
120px-Flag_of_Zuid-Holland.svg.png Zuid-Holland 33.100 Hendrik-Ido-Ambacht
43%
120px-Flag_of_Zuid-Holland.svg.png Zuid-Holland 23.078 Hillegom
43%
120px-Flag_of_Groningen.svg.png Groningen 22.139 Hoogezand
43%
120px-Flag_of_Zuid-Holland.svg.png Zuid-Holland 36.752 Hoogvliet
43%
120px-Utrecht_%28province%29-Flag.svg.png Utrecht 47.320 Houten
43%
120px-Flag_of_North_Holland.svg.png Noord-Holland 41.287 Huizen
43%
120px-Flag_of_North_Holland.svg.png Noord-Holland 32.911 IJmuiden
43%
120px-Utrecht_%28province%29-Flag.svg.png Utrecht 33.171 IJsselstein
43%
120px-Flag_of_Overijssel.svg.png Overijssel 38.952 Kampen
43%
120px-Flag_of_Zuid-Holland.svg.png Zuid-Holland 43.169 Katwijk
43%
120px-Flag_of_Zuid-Holland.svg.png Zuid-Holland 29.864 Krimpen aan den IJssel
43%
120px-Flag_of_Limburg_%28Netherlands%29.svg.png Limburg 36.844 Landgraaf
43%
120px-Utrecht_%28province%29-Flag.svg.png Utrecht 20.438 Leerdam
43%
120px-Utrecht_%28province%29-Flag.svg.png Utrecht 28.968 Leusden
43%
120px-Flag_of_Zuid-Holland.svg.png Zuid-Holland 23.842 Lisse
43%
120px-Flag_of_Zuid-Holland.svg.png Zuid-Holland 37.125 Maassluis
43%
120px-Flag_of_Drenthe.svg.png Drenthe 32.289 Meppel
43%
120px-Flag_of_Zuid-Holland.svg.png Zuid-Holland 23.024 Naaldwijk
43%
120px-Utrecht_%28province%29-Flag.svg.png Utrecht 68.257 Nieuwegein
43%
120px-Flag_of_Zuid-Holland.svg.png Zuid-Holland 23.402 Nieuwerkerk aan den IJssel
43%
120px-Flag_of_North_Holland.svg.png Noord-Holland 31.793 Nieuw-Vennep
43%
120px-Flag_of_Zuid-Holland.svg.png Zuid-Holland 26.095 Oegstgeest
43%
120px-North_Brabant-Flag.svg.png Noord-Brabant 20.600 Oisterwijk
43%
120px-Flag_of_Overijssel.svg.png Overijssel 32.033 Oldenzaal
43%
120px-Flag_of_Zuid-Holland.svg.png Zuid-Holland 25.015 Oud-Beijerland
43%
120px-Flag_of_Zuid-Holland.svg.png Zuid-Holland 32.267 Papendrecht
43%
120px-Flag_of_Zuid-Holland.svg.png Zuid-Holland 31.152 Pijnacker
43%
120px-Flag_of_North_Holland.svg.png Noord-Holland 84.186 Purmerend
43%
120px-Flag_of_Zuid-Holland.svg.png Zuid-Holland 48.084 Ridderkerk
43%
120px-Flag_of_Zuid-Holland.svg.png Zuid-Holland 61.857 Rijswijk
43%
120px-North_Brabant-Flag.svg.png Noord-Brabant 67.741 Roosendaal
43%
120px-North_Brabant-Flag.svg.png Noord-Brabant 40.276 Rosmalen
43%
120px-North_Brabant-Flag.svg.png Noord-Brabant 24.126 Schijndel
43%
120px-Flag_of_Zuid-Holland.svg.png Zuid-Holland 26.531 Sliedrecht
43%
120px-Flag_of_Zuid-Holland.svg.png Zuid-Holland 74.469 Spijkenisse
43%
120px-Flag_of_Zeeland.svg.png Zeeland 26.736 Terneuzen
43%
120px-North_Brabant-Flag.svg.png Noord-Brabant 37.966 Uden
43%
120px-Flag_of_North_Holland.svg.png Noord-Holland 27.017 Uithoorn
43%
120px-North_Brabant-Flag.svg.png Noord-Brabant 31.920 Valkenswaard
43%
120px-Utrecht_%28province%29-Flag.svg.png Utrecht 70.779 Veenendaal
43%
120px-Flag_of_Zuid-Holland.svg.png Zuid-Holland 77.480 Vlaardingen
43%
120px-Utrecht_%28province%29-Flag.svg.png Utrecht 28.035 Vleuten
43%
120px-Flag_of_Zuid-Holland.svg.png Zuid-Holland 43.198 Voorburg
43%
120px-Flag_of_Zuid-Holland.svg.png Zuid-Holland 25.975 Voorschoten
43%
120px-Flag_of_Zuid-Holland.svg.png Zuid-Holland 35.542 Waddinxveen
43%
120px-Flag_of_Zuid-Holland.svg.png Zuid-Holland 27.975 Wassenaar
43%
120px-Flag_of_Limburg_%28Netherlands%29.svg.png Limburg 46.216 Weert
43%
120px-Flag_of_North_Holland.svg.png Noord-Holland 26.082 Weesp
43%
120px-Flag_of_Gelderland.svg.png Gelderland 37.455 Wijchen
43%
120px-Utrecht_%28province%29-Flag.svg.png Utrecht 39.636 Woerden
43%
120px-Flag_of_Gelderland.svg.png Gelderland 26.678 Zevenaar
43%
120px-Flag_of_Zuid-Holland.svg.png Zuid-Holland 41.025 Zwijndrecht
43%
120px-Flag_of_Zuid-Holland.svg.png Zuid-Holland 20.153 Bergschenhoek
29%
120px-Flag_of_Overijssel.svg.png Overijssel 22.427 Borne
29%
120px-Flag_of_North_Holland.svg.png Noord-Holland 23.789 Castricum
29%
120px-Flag_of_Gelderland.svg.png Gelderland 30.413 Culemborg
29%
120px-Flag_of_Overijssel.svg.png Overijssel 20.920 Hardenberg
29%
120px-Flag_of_Zuid-Holland.svg.png Zuid-Holland 35.718 Leidschendam
29%
120px-Utrecht_%28province%29-Flag.svg.png Utrecht 39.835 Maarssen
29%
120px-Flag_of_Zuid-Holland.svg.png Zuid-Holland 27.442 Noordwijk
29%
120px-North_Brabant-Flag.svg.png Noord-Brabant 24.473 Nuenen
29%
120px-North_Brabant-Flag.svg.png Noord-Brabant 52.733 Oosterhout
29%
120px-Flag_of_Gelderland.svg.png Gelderland 25.170 Putten
29%
120px-Flag_of_North_Holland.svg.png Noord-Holland 20.098 Schagen
29%
120px-Flag_of_Zuid-Holland.svg.png Zuid-Holland 24.543 's-Gravenzande
29%
120px-North_Brabant-Flag.svg.png Noord-Brabant 34.989 Veghel
29%
120px-North_Brabant-Flag.svg.png Noord-Brabant 47.918 Veldhoven
29%
120px-North_Brabant-Flag.svg.png Noord-Brabant 26.862 Vught
29%
120px-Flag_of_North_Holland.svg.png Noord-Holland 25.460 Assendelft
14%
120px-Flag_of_Zuid-Holland.svg.png Zuid-Holland 27.973 Leiderdorp
14%
No matching quizzes found
Score Distribution
Percent of People with Each Score
Percentile by Number Answered
Your Score History
You have not taken this quiz